| 000 | 002980000a22000970004500 | ||
|---|---|---|---|
| 100 | 1 | _aThompson, Marianne Meye | |
| 245 | 1 | 0 | _aThompson lecture. Reflections on worship in the gospel of John |
| 300 | _aVol. 19, Num 3 (1998), Páginas 259-278 | ||
| 773 | 0 | _tThe Princeton Seminary Bulletin | |
| 942 | _cANA | ||
| 999 |
_c56616 _d56616 |
||